<?xml version="1.0" encoding="UTF-8"?>
<record
    xmlns:xsi="http://www.w3.org/2001/XMLSchema-instance"
    xsi:schemaLocation="http://www.loc.gov/MARC21/slim http://www.loc.gov/standards/marcxml/schema/MARC21slim.xsd"
    xmlns="http://www.loc.gov/MARC21/slim">

  <leader>00728nam a22001937a 4500</leader>
  <datafield tag="999" ind1=" " ind2=" ">
    <subfield code="c">173102</subfield>
    <subfield code="d">173102</subfield>
  </datafield>
  <controlfield tag="005">20200218153349.0</controlfield>
  <datafield tag="010" ind1=" " ind2=" ">
    <subfield code="a">B-77910</subfield>
  </datafield>
  <datafield tag="020" ind1=" " ind2=" ">
    <subfield code="c">250.00</subfield>
  </datafield>
  <datafield tag="035" ind1=" " ind2=" ">
    <subfield code="a">B-77910</subfield>
  </datafield>
  <datafield tag="037" ind1=" " ind2=" ">
    <subfield code="b">BPPD/Pub.</subfield>
  </datafield>
  <datafield tag="082" ind1=" " ind2=" ">
    <subfield code="a">954.53</subfield>
  </datafield>
  <datafield tag="100" ind1=" " ind2=" ">
    <subfield code="a">&#x641;&#x635;&#x6CC;&#x62D; &#x627;&#x644;&#x62F;&#x6CC;&#x646; &#x628;&#x644;&#x62E;&#x6CC; &#x639;&#x638;&#x6CC;&#x645; &#x622;&#x628;&#x627;&#x62F;&#x6CC;</subfield>
  </datafield>
  <datafield tag="245" ind1=" " ind2=" ">
    <subfield code="a">&#x62A;&#x627;&#x631;&#x62E; &#x645;&#x6AF;&#x62F;&#x6BE; : &#x635;&#x648;&#x628;&#x6C1; &#x628;&#x6C1;&#x627;&#x631; &#x6A9;&#x6CC; &#x645;&#x6A9;&#x645;&#x644; &#x62A;&#x627;&#x631;&#x6CC;&#x62E; 642 &#x642; &#x645; - 1943 &#x621; /</subfield>
    <subfield code="c">&#x641;&#x635;&#x6CC;&#x62D; &#x627;&#x644;&#x62F;&#x6CC;&#x646; &#x628;&#x644;&#x62E;&#x6CC; &#x639;&#x638;&#x6CC;&#x645; &#x622;&#x628;&#x627;&#x62F;&#x6CC;</subfield>
  </datafield>
  <datafield tag="246" ind1=" " ind2=" ">
    <subfield code="a">Tarikh-i-Magadh: A Comprehensive History of Bihar 642 BC to 1943 AD /</subfield>
    <subfield code="b">by Fasihuddin Balkhi Azimabadi</subfield>
  </datafield>
  <datafield tag="260" ind1=" " ind2=" ">
    <subfield code="a">Patna</subfield>
    <subfield code="b">Khuda Bakhsh Oriental Public Library</subfield>
    <subfield code="c">2001 &#x621;</subfield>
  </datafield>
  <datafield tag="270" ind1=" " ind2=" ">
    <subfield code="a">-</subfield>
    <subfield code="b">-</subfield>
    <subfield code="e">-</subfield>
  </datafield>
  <datafield tag="300" ind1=" " ind2=" ">
    <subfield code="a">381p.</subfield>
    <subfield code="c">22cm(Hb)</subfield>
  </datafield>
  <datafield tag="942" ind1=" " ind2=" ">
    <subfield code="2">ddc</subfield>
    <subfield code="c">UR</subfield>
    <subfield code="m">&#x641; &#x635; &#x6CC;</subfield>
    <subfield code="h">954.53</subfield>
  </datafield>
  <datafield tag="952" ind1=" " ind2=" ">
    <subfield code="0">0</subfield>
    <subfield code="1">0</subfield>
    <subfield code="4">0</subfield>
    <subfield code="7">0</subfield>
    <subfield code="8">NFIC</subfield>
    <subfield code="a">L</subfield>
    <subfield code="b">L</subfield>
    <subfield code="d">2020-02-18</subfield>
    <subfield code="e">BPPD/Ven.</subfield>
    <subfield code="g">250.00</subfield>
    <subfield code="l">0</subfield>
    <subfield code="o">954.53 &#x641; &#x635; &#x6CC;</subfield>
    <subfield code="p">B-77910</subfield>
    <subfield code="r">2020-02-18 00:00:00</subfield>
    <subfield code="t">1</subfield>
    <subfield code="v">250.00</subfield>
    <subfield code="w">2020-02-18</subfield>
    <subfield code="y">UR</subfield>
  </datafield>
</record>
